000 01061cam a2200133 4500500
005 20260329031805.0
041 _afre
042 _adc
100 1 0 _aMarcard, Françoise
_eauthor
245 0 0 _aLa France de 1870 à 1918 : L'ancrage de la République
260 _bArmand Colin,
_c2014.
520 _aSelon le modèle de la collection, cet ouvrage combine les exposés didactiques (cours), les éléments d’information (fiches) et les outils de travail - annales, plans, glossaires, chronologies, cartes et schémas - autour de 6 thèmes : les Français et la République, la nation et l’identité nationale, la croissance, ruraux et citadins, passions et idéologies, la guerre.Les Français et la République. Nation, identité nationale et territoire. La marque de l’Occident. Vous avez dit croissance ? Ruraux et citadins. Passions et interrogations. La guerre, encore la guerre.
856 4 1 _uhttps://shs.cairn.info/la-france-de-mille-huit-cent-soixante-dix-a-mille-neuf-cent-dix-huit--9782200014254?lang=fr&redirect-ssocas=7080
999 _c1949588
_d1949588